Normal view
MARC view
Entry Personal Name
001 - CONTROL NUMBER
- control field: 17534
003 - CONTROL NUMBER IDENTIFIER
- control field: BD-RjUL
005 - DATE AND TIME OF LATEST TRANSACTION
- control field: 20251218110104.0
008 - FIXED-LENGTH DATA ELEMENTS
- fixed length control field: 251218|| aca||aabn | a|a d
040 ## - CATALOGING SOURCE
- Original cataloging agency: BD-RjUL
- Transcribing agency: BD-RjUL
100 ## - HEADING--PERSONAL NAME
- Personal name: Galantière, Lewis,
- Dates associated with a name: 1895-1977
670 ## - SOURCE DATA FOUND
- Source citation: Work cat.: (BD-RjUL)86050: Proust, Marcel, 1871-1922., Swann's way /, c1928.